|
|
|
|
| LEADER |
00000nab a2200000 a 4500 |
| 001 |
vtls008962697 |
| 003 |
SK-MaSNL |
| 005 |
20260303070729.0 |
| 008 |
070309 1977 xo 000 0 slo |
| 015 |
|
|
|a SNBRB1977
|
| 040 |
|
|
|a SNKBUCL
|b slo
|c SNKBUCL
|e AACR2
|
| 041 |
0 |
|
|a slo
|
| 044 |
|
|
|a xo
|c SK
|
| 080 |
|
|
|a 070-051
|2 2001
|
| 080 |
|
|
|a 929 Trávniček, Bohuš
|2 2001
|
| 245 |
0 |
0 |
|a Uznanie k jubileu
|b o udelení Radu práce Bohušovi Trávničkovi šéfredaktorovi Pravdy
|
| 300 |
|
|
|a Obr.
|
| 600 |
1 |
7 |
|a Trávniček, Bohuš,
|d 1927-
|2 snkbucl
|9 38005
|
| 648 |
|
7 |
|a 1977
|2 snkbucl
|9 336325
|
| 650 |
0 |
7 |
|a Rad práce (vyznamenanie)
|2 snkbucl
|9 935293
|
| 773 |
0 |
|
|t Smena
|g 21.1.1977, s. 1 a 4
|
| 958 |
|
|
|a BX
|
| 999 |
|
|
|c 1756686
|d 1758616
|